000 01183nam0a2200289 4500
001 RU\NLR\ONL2\7566
005 20250627112134.0
035 _a(NLR Aleph) 009655155
090 _a13288400
_c13288400
100 _a20071114d1951 |||y0rusy50 ca
101 0 _aaze
102 _aAZ
105 _aa |||||||||
200 1 _aДабаг вә онунла мубаризә
_e(охунмуш мүhазирәнин стенограмы)
_fҹәм. hәгиги үзвү, баjтарлыг елмләри намизәди Н. С. Абусәлимов
_gАзәрбайjан ССР Сияси вә елми биликлри jаjан ҹәм.
210 _aБакы
_cАзерб. ССР Сияси вә елми биликләри jаjан ҹәм. нәшри
_d1951
215 _a24 с.
_cил.
_d20
541 1 _aЯщур и меры борьбы с ним
_zrus
606 0 _aЯщур
_xБорьба с ним
_92040261
_3RU\NLR\auth\661224596
686 1 _aП873.2
700 1 _aАбусалимов
_bН. С.
_4070
801 0 _aRU
_bNLR
_c20071114
_gPSBO
852 _aNLR
_bОНЛ
_jАзерб./2-6142
942 _cBOOK
980 _aONL_RF
980 _aNB